<?xml version="1.0" encoding="utf-8"?>
<?xml-stylesheet type='text/xsl' href='./oai2.xsl'?>
<OAI-PMH xmlns="http://www.openarchives.org/OAI/2.0/" xmlns:xsi="http://www.w3.org/2001/XMLSchema-instance" xsi:schemaLocation="http://www.openarchives.org/OAI/2.0/ http://www.openarchives.org/OAI/2.0/OAI-PMH.xsd">
  <responseDate>2026-06-06T20:59:18Z</responseDate>
  <request verb="GetRecord" metadataPrefix="marcxml" identifier="record_kuniweb_23266">https://kulturerbe.niedersachsen.de/oai</request>
  <GetRecord>
    <record>
      <header>
        <identifier>record_kuniweb_23266</identifier>
        <datestamp>2021-03-24T08:59:20Z</datestamp>
        <setSpec>slg0126</setSpec>
      </header>
      <metadata>
        <marc:record xmlns:marc="http://www.loc.gov/MARC21/slim" xsi:schemaLocation="http://www.loc.gov/MARC21/slim http://www.loc.gov/standards/marcxml/schema/MARC21slim.xsd">
          <marc:leader>12345nrm  22     uu 4500</marc:leader>
          <marc:controlfield tag="001">23266</marc:controlfield>
          <marc:controlfield tag="003">http://kuniweb.gbv.de</marc:controlfield>
          <marc:controlfield tag="005">2014-10-29T18:25:19</marc:controlfield>
          <marc:controlfield tag="008">|           ||||||||||||||||||||||</marc:controlfield>
          <marc:datafield tag="245" ind1="1" ind2="0">
            <marc:subfield code="a">Geleucht, offener Frosch</marc:subfield>
          </marc:datafield>
          <marc:datafield tag="655" ind1=" " ind2="7">
            <marc:subfield code="a">Alltagskultur</marc:subfield>
          </marc:datafield>
          <marc:datafield tag="046" ind1=" " ind2=" ">
            <marc:subfield code="k">1750</marc:subfield>
            <marc:subfield code="k">1750 - 1850</marc:subfield>
            <marc:subfield code="l">1850</marc:subfield>
          </marc:datafield>
          <marc:datafield tag="260" ind1=" " ind2=" ">
            <marc:subfield code="g">1750</marc:subfield>
            <marc:subfield code="g">1850</marc:subfield>
            <marc:subfield code="g">1750 - 1850</marc:subfield>
          </marc:datafield>
          <marc:datafield tag="300" ind1=" " ind2=" ">
            <marc:subfield code="a">Länge: 15,5 cm (insgesamt?)
Breite: 9,5 cm
Höhe: 10,5 cm (2,1 bis 2,3 cm / 10,5 cm )
Länge: 3,6 cm (Schnauze)</marc:subfield>
          </marc:datafield>
          <marc:datafield tag="520" ind1=" " ind2=" ">
            <marc:subfield code="a">Offenes Geleucht [offener Frosch] für Fettbrand: Offener Topf mit breiter Dochtschnauze. Dochtmolle [Dochtmulde?], das hohe Ende mit Messingblech-Überwurf (2-fach angenietet), Oberkante 4 x eingekerbt, Befestigung durch feines Drahtkettchen am Bügel. Griffloch. Bügel angeschraubt. Einfach gekröpfter, geschmiedeter Gesteinshaken. Schild: dreieckig mit abgerundeter Spitze, gekrönt von 3 Kreuzen, Gravur: 5 kleine Kreuze, Initialen "R v H" plus 3 Symbole.

Material/Fassung: Messingguss (?), Stahl (Blech: Dochtmolle, Draht:Haken) (Oberharzer Bergwerksmuseum)

Gravur:
3 Symbole

Gravur:
fünf kleine Kreuze

Gravur:
Initialen "R v H" (Rudolf von Harlessen)</marc:subfield>
          </marc:datafield>
          <marc:datafield tag="650" ind1="1" ind2=" ">
            <marc:subfield code="a">Beleuchtung &gt; Leuchtmittel</marc:subfield>
          </marc:datafield>
          <marc:datafield tag="650" ind1="1" ind2=" ">
            <marc:subfield code="a">Harzer Frösche, offen</marc:subfield>
          </marc:datafield>
          <marc:datafield tag="773" ind1="0" ind2=" ">
            <marc:subfield code="t">Bergmännisches Geleucht</marc:subfield>
          </marc:datafield>
          <marc:datafield tag="852" ind1=" " ind2=" ">
            <marc:subfield code="a">Oberharzer Bergwerksmuseum</marc:subfield>
          </marc:datafield>
          <marc:datafield tag="" ind1=" " ind2=" ">
            <marc:subfield code="a">Namensnennung - Weitergabe unter gleichen Bedingungen 4.0 International (CC BY-SA 4.0)</marc:subfield>
          </marc:datafield>
        </marc:record>
      </metadata>
    </record>
  </GetRecord>
</OAI-PMH>
